|
|
|
|
| LEADER |
01512nam a2200253 a 4500 |
| 001 |
31868 |
| 003 |
BD-DhAAL |
| 005 |
20211207113745.0 |
| 008 |
170719s2016 bg 001 0 eng d |
| 999 |
|
|
|c 38175
|d 38175
|
| 040 |
|
|
|a BD-DhAAL
|c BD-DhAAL
|d BD-DhAAL
|
| 082 |
0 |
0 |
|a 354.549200722
|2 22
|
| 100 |
1 |
|
|a মুহিত, আবুল মাল আবদুল
|9 7392
|
| 245 |
0 |
0 |
|a বাজেট বক্তৃতা ২০১৬-১৭ :
|b প্রবৃদ্ধি, উন্নয়ন ও সমতাভিত্তিক সমাজভিত্তিক সমাজ প্রতিষ্ঠার পথে অগ্রযাত্রা / /
|c আবুল মাল আবদুল মুহিত
|
| 260 |
|
|
|a ঢাকা :
|b অর্থ মণ্ত্রণালয়, গণপ্রজাতণ্ত্রী বাংলাদেশ সরকার
|c ২০১৬
|
| 300 |
|
|
|a iv, ১১৮ পৃষ্ঠা :
|b তালিকা, চিত্র ;
|c ২৫ সে.মি.
|
| 526 |
|
|
|a ESS
|
| 541 |
|
|
|a 31868
|
| 650 |
|
0 |
|a Budget
|z Bangladesh.
|9 7393
|
| 650 |
|
0 |
|a Economics.
|9 43476
|
| 710 |
2 |
|
|a অর্থ মণ্ত্রণালয়, গণপ্রজাতণ্ত্রী বাংলাদেশ সরকার
|9 7394
|
| 852 |
1 |
|
|a Ayesha Abed Library
|j General shelf
|
| 942 |
|
|
|2 ddc
|c BK
|
| 952 |
|
|
|0 0
|1 0
|2 ddc
|4 0
|6 354_549200722000000_MUH
|7 0
|9 60860
|a BRACUL
|b BRACUL
|c GEN
|d 2017-07-04
|e Lucky Book seller
|g 140.00
|l 0
|o 354.549200722 MUH
|p 3010031868
|r 2017-07-04
|t 1
|v 200.00
|w 2017-07-04
|y BK
|